Loading...
| Science - Biology | 0 | 4 | 1 | 0 | 35 | 83 | 102.00 | 0 | 0 | 5.11 | 18.47 |
| Beliefs | 0 | 3 | 0 | 1 | 30 | 105 | 129.67 | 0 | 0 | 1.61 | 3.49 |
| Fine Arts - Other Arts | 0 | 3 | 0 | 0 | 30 | 67 | 108.67 | 0 | 0 | 4.13 | 6.43 |
| Science - Chemistry | 0 | 4 | 2 | 0 | 30 | 101 | 110.75 | 0 | 0 | 3.50 | 10.06 |
| History - European | 0 | 3 | 0 | 1 | 30 | 89 | 119.00 | 0 | 0 | 2.80 | 12.12 |
| Science - Other | 0 | 2 | 0 | 0 | 20 | 120 | 122.50 | 0 | 0 | 0.86 | 4.17 |
| Science - Physics | 0 | 2 | 1 | 0 | 15 | 110 | 117.50 | 0 | 0 | 1.37 | 7.00 |
| Literature - British | 0 | 1 | 0 | 0 | 10 | 137 | 137.00 | 0 | 0 | 0.05 | 2.60 |
| Other Academic | 0 | 1 | 0 | 0 | 10 | 145 | 145.00 | 0 | 0 | 0.29 | 4.29 |
| History - Ancient | 0 | 1 | 0 | 0 | 10 | 135 | 135.00 | 0 | 0 | 0.86 | 6.82 |
| Geography | 0 | 1 | 0 | 0 | 10 | 147 | 147.00 | 0 | 0 | 0.34 | 10.00 |
| Fine Arts - Classical Music and Opera | 0 | 1 | 0 | 0 | 10 | 135 | 135.00 | 0 | 0 | 0.35 | 0.71 |
| Literature - American | 0 | 0 | 0 | 0 | 0 | 0.00 | 0 | 0 | 0.00 | 0.00 |